000 00433nam a2200145Ia 4500
008 100204s9999 xx 000 0 und d
082 _b16816
100 _aखाडीलकर उषा
245 _aकोंडमारा
260 _b"अभिजीत प्रकाशन, मुंबई."
_c1993
300 _a167
630 _aकोंडमारा
730 _aकोंडमारा
942 _cBOOK
999 _c461239
_d461236